Les 54 clubs pros pour la saison 26/27 - Statistiques

Statistiques générales
  • Ce quiz a été pris 20 fois
  • Le résultat moyen est 46 sur 54
Statistiques - réponses
Hint Réponse % Correct
L1 AJ Auxerre
100%
L1 Angers SCO
100%
L1 AS Monaco
100%
L2 AS Saint-Etienne
100%
L2 FC Nantes
100%
L1 Lille OSC
100%
L1 OGC Nice
100%
L1 Olympique Lyonnais
100%
L1 Paris Saint-Germain
100%
L1 RC Lens
100%
L1 RC Strasbourg
100%
L3 SC Bastia
100%
L1 Stade Rennais
100%
L1 Toulouse FC
100%
L3 Amiens SC
95%
L2 AS Nancy Lorraine
95%
L2 Clermont Foot 63
95%
L1 FC Lorient
95%
L2 FC Metz
95%
L2 FC Sochaux-Montbéliard
95%
L1 Le Havre AC
95%
L1 Le Mans FC
95%
L2 Montpellier HSC
95%
L1 Olympique de Marseille
95%
L1 Paris FC
95%
L2 Stade de Reims
95%
L2 Dijon FCO
90%
L3 FC Rouen
90%
L2 Grenoble Foot 38
90%
L2 Red Star FC
90%
L1 Stade Brestois
90%
L3 Valenciennes FC
90%
L1 ESTAC Troyes
85%
L2 FC Annecy
85%
L2 Pau FC
85%
L2 Rodez AF
85%
L2 US Dunkerque
85%
L2 EA Guingamp
80%
L3 SM Caen
80%
L2 Stade Lavallois
80%
L3 AS Cannes
75%
L3 US Orléans
75%
L2 US Boulogne
70%
L3 VFC La Roche-sur-Yon
70%
L3 FC Versailles
65%
L3 Paris 13 Atletico
65%
L3 US Concarneau
65%
L3 FC Fleury 91
60%
L3 Bourg-en-Bresse 01
55%
L3 Quevilly Rouen Métropole
55%
L3 SC Aubagne
45%
L3 Le Puy en Velay FC
40%
L3 US Thionville Lusitanos
35%
L3 FC Villefranche-Beaujolais
30%
Aucun quiz correspondant
Distribution des résultats
% des personnes avec chaque résultat
Percentile par nombre de réponses
Votre historique - résultats
Vous n’avez pas pris ce quiz